| 000 | 00919cam a22002898a 4500 | ||
|---|---|---|---|
| 001 | 15098653 | ||
| 005 | 20161121114805.0 | ||
| 008 | 071130s2008 enk b 001 0 eng | ||
| 010 | _a 2007048946 | ||
| 020 | _a9780415772617 (hardback) | ||
| 020 | _a9780415772624 (pbk.) | ||
| 040 |
_aDLC _cDLC |
||
| 050 | 0 | 0 |
_aHF1416 _b.O55 2008 |
| 082 | 0 | 0 |
_a658.84 _222 _bONK |
| 100 | 1 |
_aOnkvisit, Sak. _97493 |
|
| 245 | 1 | 0 |
_aInternational marketing : _bstrategy and theory / _cSak Onkvisit & John J. Shaw. |
| 250 | _a5th ed. | ||
| 260 |
_aAbingdon, Oxon ; _aNew York : _bRoutledge, _cc2008. |
||
| 263 | _a0807 | ||
| 300 |
_a710 p.: _bill.; _c24 cm. |
||
| 504 | _aIncludes bibliographical references and indexes. | ||
| 650 | 0 |
_aExport marketing _xManagement. _97495 |
|
| 650 | 0 |
_97494 _aExport marketing |
|
| 700 | 1 |
_aShaw, John J. _97496 |
|
| 942 |
_2ddc _cBB |
||
| 999 |
_c12183 _d12183 |
||